000 01527nam a2200409 i 4500
001 25372
003 KOSZ 005
005 20191029073650.0
008 071030s1966 pl a f 001 0 pol
015 _aPB 1966/8403
040 _aWA N
_cWA N
_dKOSZ 005/ID
_dKOSZ 005/HR
041 1 _apol
_hrus
046 _k1966
080 _a678
080 _a(075.8)
245 0 0 _aStarzenie i stabilizacja polimerów :
_bpraca zbiorowa /
_cred. M. B. Nejman ; tł. Marek Wajnryb, Stanisław Penczek ; wstęp W. A. Kargin.
246 1 _iTyt. oryg.:
_aStarenie i stabilizaciâ polimerov,
_f1964.
260 _aWarszawa :
_bWydawnictwa Naukowo-Techniczne,
_c1966.
300 _a370, [2] s. :
_bil. ;
_c23 cm.
380 _aKsiążki.
380 _aPublikacje dydaktyczne
388 _a1901-2000
490 1 _aTworzywa Sztuczne.
504 _aBibliogr. przy rozdz.
521 8 _aDla magistrów i inżynierów chemików oraz studentów wyższ. uczelni.
658 _aInżynieria i technika
655 4 _aPodręczniki akademickie
650 4 _aPolimery
700 1 _aNejman, Moisej Borisovič
_d(1898-1967).
_eRedakcja
700 1 _aWajnryb, Marek.
_eTłumaczenie
700 1 _aPenczek, Stanisław.
_eTłumaczenie
700 1 _aKargin, V. A.
_eWstęp.
710 2 _aWydawnictwa Naukowo-Techniczne
_4pbl.
856 _uhttp://koha.tu.koszalin.pl/cgi-bin/koha/opac-detail.pl?biblionumber=25372
_yKatalog online BPK
830 0 _aTworzywa Sztuczne
942 _2UKD
_cKS
999 _c25372
_d25372